| 000 | 00809nam a22002177a 4500 | ||
|---|---|---|---|
| 003 | OSt | ||
| 005 | 20250815060840.0 | ||
| 008 | 250815b |||||||| |||| 00| 0 eng d | ||
| 020 | _a9789719655503 | ||
| 040 |
_aDWC-Main Lib _cOC |
||
| 082 | _aFil. 613.7 B933p 2023 | ||
| 100 | _aBulatao, Mary Grace Medina | ||
| 245 |
_aPhysical activity towards health and fitness (PATH-FIT 4 sports) individual/ dual and team sports/ _cMary Grace Medina Bulatao |
||
| 260 |
_aIntramuros Manila, Philippines : _bMindshapers Co. Inc., _cc2023. |
||
| 300 |
_aviii, 208 pages : _billustrations ; _c23cm. |
||
| 504 | _aincludes bibliographical references. | ||
| 650 | _a1. Badmiton --- Sports. | ||
| 650 | _a2. Table tennis --- Sports. | ||
| 650 | _a3. Tennis track and field --- Sports. | ||
| 942 |
_2ddc _cBK - FIL _kFil. _n0 |
||
| 999 |
_c3971 _d3971 |
||